000 01017nam a2200265Ia 4500
003 OSt
005 20220923211312.0
006 a|||||r|||| 00| 0
007 ta
008 220922b |||||||| |||| 00| 0 hin d
020 _a9788179759271 (hbk)
_c600
024 _a354,636
037 _bIN275, 30/12/2021, Anamika Publishers & Distributor Pvt. Ltd.
_cTextual
040 _aARTS
_cARTS
_bhin
041 _2hin
_ahin
082 _aW, 152Q8
100 _aमाहेश्वरी, अरूण, ले.
245 0 _aवाम राजनीति की समस्याएं
246 _aVām rājanīti kī samasyāean
260 _aनई दिल्ली
_b अनामिका पब्लिशर्स
_c2018
300 _a259पृ.
_ccm.
650 _aराजनीति विज्ञान
942 _hW, 152Q8
_cTEXL
_2CC
999 _c298276
_d298276